00514nam a2200133 a 450000100100000000500170001000800410002704000250006810000380009324500600013126000850019130000420027650000620031800003345520220201081530.0110829s19uu dr 000 0 spa d aDO-SdBNPbspacBNPHU1 a Bermúdez, Federico,d1884-192110aOro virgen :bensayos breves /cFederico R. Bermudez O. aSan Pedro de Macorís, República Dominicana :bTipografía la Orla,c[196?]. a1v. Con varias paginaciones ;c17 cm. aLa biblioteca posee un ejemplar autografiado por el autor